[Event "Défi"]
[Site "www.echecsemail.com"]
[Date "2026.01.13"]
[Round "1"]
[White "Tartu"]
[Black "Kawa750"]
[WhiteElo "1730"]
[BlackElo "1810"]
[Result "1-0"]
1.d4 c6
2.e4 d5
3.Nb1c3 g6
4.exd5 cxd5
5.Bc1f4 Bf8g7
6.Ng1f3 Ng8f6
7.Bf1e2 O-O
8.O-O Nb8c6
9.a3 e6
10.b4 Nf6e4
11.Nc3xe4 Qd8b6
12.Ne4c5 Qb6d8
13.c3 b6
14.Nc5d3 Bc8b7
15.h3 Rf8e8
16.Nd3e5 Nc6xe5
17.Bf4xe5 f6
18.Be5g3 e5
19.dxe5 fxe5
20.Be2b5 Re8e7
21.Rf1e1 e4
22.Nf3d4 a6
23.Bb5c6 Bg7xd4
24.Bc6xb7 Bd4xf2
25.Bg3xf2 Re7xb7
26.Qd1d4 b5
27.Ra1d1 Rb7d7
28.Qd4e5 Ra8c8
29.Bf2d4 Qd8e8
30.Qe5h8 Kf7
31.Re1f1 Ke7
32.Qh8f6 1-0

[Event "Défi( 10J+24H/c 10J Max )"]
[Site "www.echecsemail.com"]
[Date "2026.01.13"]
[Round "1"]
[White "Jerem51"]
[Black "Carrighir"]
[WhiteElo "2310"]
[BlackElo "2100"]
[Result "1-0"]
1.d4 f5
2.g3 e6
3.Bf1g2 Ng8f6
4.c4 d5
5.cxd5 exd5
6.Nb1c3 Bf8b4
7.Bc1g5 c6
8.Ng1f3 O-O
9.O-O Qd8c7
10.Qd1b3 Bb4xc3
11.bxc3 Nf6e4
12.Bg5f4 Qc7e7
13.Ra1b1 g5
14.Bf4c1 Nb8d7
15.Bc1a3 Qe7f7
16.Ba3xf8 Kxf8
17.Qb3c2 Nd7f6
18.Nf3e5 Qf7g7
19.c4 h5
20.cxd5 cxd5
21.f3 Ne4d6
22.Qc2c5 Nf6e8
23.Qc5xd5 Qg7g8
24.Qd5a5 b6
25.Rb1xb6 { abandon }1-0

[Event "Tournoi n27337"]
[Site "www.echecsemail.com"]
[Date "2026.01.13"]
[Round "1"]
[White "Jlr"]
[Black "Kiki37"]
[WhiteElo "1340"]
[BlackElo "1350"]
[Result "1-0"]
1.e4 e5
2.Ng1f3 Nb8c6
3.Bf1b5 d6
4.Nb1c3 Ng8f6
5.d3 Bf8e7
6.Bc1g5 h6
7.Bg5xf6 Be7xf6
8.h3 O-O
9.Qd1e2 a5
10.g4 Bc8xg4
11.hxg4 Bf6g5
12.Bb5c4 b6
13.Bc4d5 Qd8d7
14.Nf3xg5 hxg5
15.f3 Nc6d4
16.Qe2h2 Nd4xf3
17.Ke2 Nf3xh2
18.Rh1xh2 Ra8b8
19.Kf3 c5
20.Ra1h1 g6
21.Rh2h8 Kg7
22.Rh8h7 Kf6
23.a4 Ke7
24.Rh1h6 Ke8
25.Rh7h8 Rf8xh8
26.Rh6xh8 Ke7
27.Rh8xb8 Qd7c7
28.Rb8b7 Qc7xb7
29.Bd5xb7 Ke6
30.Nc3b5 f5
31.Nb5c7 Kd7
32.Nc7a6 fxe4
33.Bb7xe4 Ke6
34.Na6c7 Kf6
35.Nc7d5 Ke6
36.Nd5xb6 Kf6
37.Nb6c4 Ke6
38.Nc4xa5 d5
39.Be4xg6 d4
40.Ke4 Kd6
41.c4 Ke6
42.Bg6f5 Kf6
43.Na5b7 Ke7
44.Nb7xc5 Kd6
45.Nc5b7 Kc6
46.Nb7d8 Kc5
47.Nd8e6 Kb4
48.Ne6xg5 Kxa4
49.Kxe5 Kb4
50.Kxd4 Kb3
51.c5 Kxb2
52.c6 Kc2
53.c7 Kd2
54.Ng5e4 Ke2
55.c8Q Kf3
56.g5 Ke2
57.Qc8c2 Kf3
58.Qc2f2 1-0

[Event "Défi"]
[Site "www.echecsemail.com"]
[Date "2026.01.13"]
[Round "1"]
[White "Pj612"]
[Black "Mais"]
[WhiteElo "1740"]
[BlackElo "1970"]
[Result "0-1"]
1.e4 e5
2.Nb1c3 Nb8c6
3.Ng1f3 a6
4.a3 Ng8f6
5.d3 h6
6.b4 b5
7.d4 exd4
8.Nf3xd4 Nc6e5
9.Bf1e2 Bc8b7
10.Be2f3 c5
11.bxc5 Bf8xc5
12.Bc1e3 d6
13.O-O O-O
14.Nc3d5 Nf6xd5
15.exd5 Qd8f6
16.h3 Bc5xd4
17.Be3xd4 Ne5xf3
18.gxf3 Qf6f5
19.Bd4e3 Bb7xd5
20.Kh2 Bd5e6
21.Rf1h1 Qf5xh3
22.Kg1 Qh3f5
23.Rh1h2 Kh7
24.Ra1c1 Be6d5
25.f4 Qf5g6
26.Kf1 Bd5c4
{ abandon }0-1

[Event "Tournoi n27322"]
[Site "www.echecsemail.com"]
[Date "2026.01.13"]
[Round "1"]
[White "Alain64"]
[Black "Rvsinovitch"]
[WhiteElo "2120"]
[BlackElo "2020"]
[Result "0-1"]
1.f4 Ng8f6
2.Ng1f3 g6
3.b3 Bf8g7
4.Bc1b2 O-O
5.e3 c5
6.Bf1e2 d6
7.O-O Nb8c6
8.c4 Bc8f5
9.d4 cxd4
10.exd4 Nf6e4
11.Kh1 Qd8b6
12.Nb1a3 Nc6b4
13.Nf3h4 Bf5d7
14.Be2f3 Ne4f6
15.Na3c2 Nb4xc2
16.Qd1xc2 Ra8c8
17.g3 d5
18.Nh4g2 dxc4
19.bxc4 Bd7h3
20.Rf1e1 e6
21.Ng2e3 Rf8d8
22.Ra1b1 Qb6c7
23.d5 exd5
24.Bb2e5 Qc7d7
25.Be5xf6 Bg7xf6
26.Ne3xd5 Qd7d6
27.Rb1xb7 a6
28.Qc2b3 Kg7
29.Rb7b6 Rc8c6
30.Rb6xc6 Qd6xc6
31.Nd5xf6 Qc6xf6
32.c5 Rd8d2
33.Re1d1 Rd2b2
34.Qb3c4 Rb2f2
35.Qc4e4 Qf6b2
36.Qe4e5 Qb2xe5
37.fxe5 Rf2xf3
38.Rd1c1 Rf3f1
39.Rc1xf1 Bh3xf1
40.Kg1 Bf1h3
41.Kf2 Bh3d7
42.Ke3 Kf8
43.Kd4 Ke7
44.a3 Ke6
45.h4 h6
46.Ke4 Bd7c6
47.Kd4 Kf5
48.a4 Bc6xa4
49.Kd5 a5
50.Kd6 g5
51.hxg5 hxg5
{ abandon }0-1

[Event "Memorial Lara CIII"]
[Site "www.echecsemail.com"]
[Date "2026.01.13"]
[Round "1"]
[White "Rvsinovitch"]
[Black "Bertelsen"]
[WhiteElo "2030"]
[BlackElo "1730"]
[Result "1-0"]
1.e4 e5
2.Ng1f3 Nb8c6
3.Bf1b5 Ng8e7
4.c3 a6
5.Bb5a4 b5
6.Ba4c2 h6
7.O-O Ne7g6
8.d4 d6
9.h3 Bf8e7
10.Bc1e3 Bc8d7
11.Nb1d2 O-O
12.dxe5 Nc6xe5
13.Nf3xe5 Ng6xe5
14.Nd2f3 Ne5c4
15.Be3c1 Nc4b6
16.b3 c6
17.Bc1b2 Bd7e6
18.Qd1d4 Be7f6
19.Qd4d3 c5
20.e5 dxe5
21.Qd3h7 1-0

[Event "Défi"]
[Site "www.echecsemail.com"]
[Date "2026.01.13"]
[Round "1"]
[White "Jlr"]
[Black "Castor"]
[WhiteElo "1360"]
[BlackElo "1350"]
[Result "1-0"]
1.e4 c6
2.Bf1c4 e6
3.Ng1f3 Bf8c5
4.d4 Bc5b6
5.Nb1c3 Bb6a5
6.Bc1d2 b5
7.Bc4e2 Ng8e7
8.a3 Bc8b7
9.b4 Ba5b6
10.h4 O-O
11.Be2d3 a6
12.e5 f6
13.Bd3e4 Ra8a7
14.exf6 Ne7g6
15.fxg7 Kxg7
16.Bd2g5 Qd8e8
17.Qd1d2 Rf8h8
18.Bg5h6 Kf7
19.h5 Rh8g8
20.Nf3g5 Ke7
21.hxg6 hxg6
22.O-O-O d5
23.Be4f3 a5
24.Rd1e1 Bb7c8
25.Bf3g4 Kd8
26.Qd2f4 Bb6c7
27.Qf4f6 Qe8e7
28.Qf6xe7 Kxe7
29.Ng5f3 Nb8d7
30.Bh6g5 Nd7f6
31.Rh1h7 Kd6
32.Bg5xf6 Ra7b7
33.Bf6e5 1-0

[Event "Eq:Royal Kids-Les Gens du Sud :"]
[Site "www.echecsemail.com"]
[Date "2026.01.13"]
[Round "1"]
[White "Goedendag"]
[Black "Skalfa"]
[WhiteElo "1750"]
[BlackElo "1860"]
[Result "1-0"]
1.c4 c6
2.Ng1f3 Ng8f6
3.g3 d5
4.d4 h6
5.Bf1g2 Bc8f5
6.b3 e6
7.O-O Bf8e7
8.Bc1b2 Nb8d7
9.Nb1c3 O-O
10.Nf3d2 Nf6h7
11.e4 dxe4
12.Nc3xe4 Nd7f6
13.Rf1e1 Qd8d7
14.Nd2f1 Nf6xe4
15.Bg2xe4 Bf5h3
16.Nf1e3 Nh7g5
17.Be4g2 Be7f6
18.f4 Bh3xg2
19.fxg5 Bf6xg5
20.Ne3xg2 Bg5f6
21.Kh1 Ra8d8
22.Qd1f3 Bf6xd4
23.Ra1d1 e5
24.Re1xe5 Qd7c7
25.Bb2xd4 Rd8xd4
26.Rd1xd4 Qc7xe5
27.Qf3e4 Qe5a5
28.a4 c5
29.Rd4d3 a6
30.Qe4xb7 Qa5b4
31.Qb7xb4 cxb4
32.Rd3d6 Rf8a8
33.Ng2f4 a5
34.Nf4d5 f5
35.Nd5e7 Kf7
36.Ne7xf5 Ra8e8
37.Rd6d5 Re8e1
38.Kg2 Re1e2
39.Kh3 Re2b2
40.Nf5d4 Rb2d2
41.Nd4c6 Rd2b2
42.Nc6xa5 { abandon }1-0

[Event "Tournoi n27328"]
[Site "www.echecsemail.com"]
[Date "2026.01.13"]
[Round "1"]
[White "Jlr"]
[Black "Katastrofic"]
[WhiteElo "1370"]
[BlackElo "1430"]
[Result "1-0"]
1.e4 c5
2.Nb1c3 e6
3.Bf1c4 Bf8e7
4.Qd1f3 d6
5.d3 a6
6.h4 Ng8f6
7.g4 h6
8.g5 hxg5
9.Bc1xg5 Nf6h5
10.Qf3g4 b5
11.Bg5xe7 Qd8xe7
12.Bc4b3 e5
13.Qg4xc8 Qe7d8
14.Qc8f5 Nh5f6
15.Ng1f3 g6
16.Qf5g5 Rh8h5
17.Qg5d2 Qd8d7
18.O-O-O Nb8c6
19.Bb3d5 Nf6xd5
20.exd5 b4
21.Nc3e4 Rh5f5
22.dxc6 Qd7xc6
23.Qd2h6 O-O-O
24.b3 Rf5xf3
25.Ne4g5 Rf3xf2
26.Kb2 Qc6d7
27.Ng5e4 Qd7e6
28.Ne4xf2 Qe6f6
29.Nf2e4 Qf6h8
30.Qh6g5 Kb7
31.Qg5e7 Ka8
32.Qe7xf7 { abandon }1-0

[Event "Tournoi n27383"]
[Site "www.echecsemail.com"]
[Date "2026.01.13"]
[Round "1"]
[White "Vvvv"]
[Black "Domenico"]
[WhiteElo "1690"]
[BlackElo "1710"]
[Result "0-1"]
1.e4 e5
2.Ng1f3 d6
3.d4 exd4
4.Nf3xd4 Bf8e7
5.Nb1c3 Ng8f6
6.f3 O-O
7.Bf1d3 c5
8.Nd4e2 a6
9.O-O Bc8e6
10.Ne2g3 b5
11.Bd3e2 c4
12.Qd1e1 d5
13.exd5 Qd8b6
14.Kh1 Nf6xd5
15.Ng3e4 Nd5e3
16.Bc1xe3 Qb6xe3
17.Be2d1 Qe3h6
18.Qe1g3 Nb8c6
19.f4 Be6f5
20.Nc3d5 Bf5xe4
21.Nd5xe7 Nc6xe7
22.Rf1e1 Ne7f5
23.Qg3g4 Ra8e8
24.Kg1 Qh6b6
25.Kf1 Nf5e3
26.Re1xe3 Qb6xe3
27.Bd1f3 Be4xc2
28.Bf3e2 Re8e4
29.g3 Rf8d8
{ abandon }0-1

[Event "Coupe Niveau 8"]
[Site "www.echecsemail.com"]
[Date "2026.01.13"]
[Round "1"]
[White "Orosco"]
[Black "Bowandarrow"]
[WhiteElo "2260"]
[BlackElo "2730"]
[Result "1/2-1/2"]
1.e4 c5
2.Ng1f3 e6
3.d4 cxd4
4.Nf3xd4 Ng8f6
5.Nb1c3 d6
6.g4 e5
7.Nd4f5 g6
8.Nf5e3 Nb8c6
9.g5 Nf6h5
10.Bf1e2 Nh5f4
11.Ne3d5 Bf8g7
12.Nd5xf4 exf4
13.Bc1xf4 O-O
14.h4 Bc8e6
15.h5 Qd8b6
16.Ra1b1 Bg7d4
17.O-O f5
18.Qd1d3 fxe4
19.Qd3g3 Ra8e8
20.Bf4xd6 Rf8f5
21.Be2g4 Bd4e5
22.Bd6xe5 Rf5xe5
23.Rf1e1 Be6xg4
24.Qg3xg4 e3
25.Qg4c4 Kf8
26.f4 Re5c5
27.Qc4b3 Qb6d8
28.Qb3a3 b6
29.Nc3a4 Qd8d2
{ nul }1/2-1/2

[Event "Coupe Niveau 1"]
[Site "www.echecsemail.com"]
[Date "2026.01.13"]
[Round "1"]
[White "Katastrofic"]
[Black "Jlr"]
[WhiteElo "1390"]
[BlackElo "1370"]
[Result "0-1"]
1.e4 e5
2.Bf1c4 Ng8f6
3.d3 Bf8c5
4.h3 h6
5.Ng1f3 d6
6.O-O g5
7.Bc1xg5 hxg5
8.Nf3xg5 d5
9.exd5 Nf6h5
10.d6 Qd8xg5
11.dxc7 Nb8c6
12.Qd1f3 Bc8e6
13.Bc4xe6 fxe6
14.Kh1 Kd7
15.Qf3f7 Bc5e7
16.Qf7f3 Kxc7
17.Kg1 Rh8f8
18.Qf3e3 Nh5f4
19.Nb1c3 Qg5xg2
0-1

[Event "Défi"]
[Site "www.echecsemail.com"]
[Date "2026.01.13"]
[Round "1"]
[White "Katastrofic"]
[Black "Jlr"]
[WhiteElo "1440"]
[BlackElo "1360"]
[Result "1-0"]
1.e4 e5
2.Bf1c4 Ng8f6
3.d3 Bf8c5
4.h3 h6
5.Ng1f3 d6
6.O-O g5
7.a3 g4
8.hxg4 Bc8xg4
9.Nb1d2 Nf6h5
10.b4 Bc5b6
11.Bc1b2 f6
12.Kh1 a6
13.Qd1e1 Nh5f4
14.d4 Bg4xf3
15.Nd2xf3 Rh8g8
16.Bc4xg8 Ke7
17.Bg8h7 c5
18.d5 Qd8h8
19.Bh7f5 a5
20.bxc5 dxc5
21.Ra1d1 Qh8g7
22.d6 Kd8
23.g3 Nf4h5
24.Nf3h4 a4
25.d7 Bb6a5
26.Bb2c3 b6
27.Bc3xa5 bxa5
28.Rd1d3 Ra8a7
29.Qe1e2 Nb8xd7
30.Qe2xh5 Ke7
31.Rd3xd7 Ra7xd7
32.Bf5xd7 Kxd7
33.Rf1d1 Kc6
34.Nh4f5 Qg7h7
35.Rd1d6 Kb5
36.Qh5e2 c4
37.Qe2e3 Qh7g6
38.Qe3b6 1-0

[Event "CC Jan26 Asc(1/2)"]
[Site "www.echecsemail.com"]
[Date "2026.01.13"]
[Round "1"]
[White "Luc20"]
[Black "Woluwe1975"]
[WhiteElo "1810"]
[BlackElo "1640"]
[Result "1-0"]
1.b4 Ng8f6
2.Bc1b2 e6
3.b5 b6
4.d3 Bc8b7
5.Ng1f3 d6
6.Nb1d2 Nb8d7
7.g3 Bf8e7
8.Bf1g2 Qd8c8
9.O-O h5
10.e4 e5
11.Bg2h3 c5
12.c4 Qc8c7
13.Nf3h4 Nf6g4
14.Bh3xg4 Be7xh4
15.Bg4xh5 Bh4f6
16.Bh5g4 Nd7f8
17.Rf1e1 Bb7c8
18.Bg4f3 Nf8e6
19.Bf3g2 Bc8b7
20.Nd2f1 Ne6d4
21.Bb2xd4 exd4
22.Qd1d2 O-O-O
23.a4 Kd7
24.a5 Rd8a8
25.a6 Bb7xe4
26.Re1xe4 Ra8e8
27.Ra1e1 Re8xe4
28.Bg2xe4 Kd8
29.Be4c6 Bf6e7
30.Qd2f4 Be7f6
31.Nf1d2 Qc7b8
32.Qf4f5 Qb8c7
33.Nd2e4 Qc7e7
34.h4 Rh8h6
35.Kf1 Qe7c7
36.Ne4xf6 Rh6h8
37.Re1e8 Rh8xe8
38.Nf6xe8 Qc7c8
39.Ne8xd6 Qc8xf5
40.Nd6xf5 g6
41.Nf5d6 f6
42.Ke2 { abandon }1-0

[Event "Tournoi n27366"]
[Site "www.echecsemail.com"]
[Date "2026.01.13"]
[Round "1"]
[White "Jlr"]
[Black "Katastrofic"]
[WhiteElo "1350"]
[BlackElo "1410"]
[Result "1-0"]
1.e4 e5
2.Bf1c4 d6
3.Nb1c3 Bf8e7
4.d3 Ng8f6
5.h3 O-O
6.Ng1f3 a6
7.Nf3g5 h6
8.Bc4xf7 Rf8xf7
9.Ng5xf7 Kxf7
10.Qd1f3 b5
11.Nc3d5 Kg8
12.g4 Nf6xd5
13.exd5 Bc8b7
14.h4 Be7xh4
15.Bc1e3 Bh4g5
16.O-O-O Bg5xe3
17.fxe3 Qd8f6
18.Qf3e4 Nb8d7
19.Rd1f1 Qf6e7
20.b3 Nd7f6
21.Qe4g2 Bb7xd5
22.e4 Bd5e6
23.g5 { abandon }1-0

[Event "Suisse Sep25 R8"]
[Site "www.echecsemail.com"]
[Date "2026.01.13"]
[Round "1"]
[White "Vangogh"]
[Black "Bjl"]
[WhiteElo "2260"]
[BlackElo "2060"]
[Result "1-0"]
1.d4 Ng8f6
2.c4 e6
3.g3 Bf8b4
4.Bc1d2 Qd8e7
5.Nb1c3 O-O
6.Bf1g2 d6
7.e3 Nb8d7
8.Ng1e2 e5
9.O-O c6
10.a3 Bb4a5
11.b4 Ba5c7
12.d5 cxd5
13.cxd5 Nd7b6
14.e4 Nb6c4
15.Bd2g5 h6
16.Bg5xf6 Qe7xf6
17.Nc3b5 Bc7d8
18.Ra1c1 Nc4b6
19.Qd1d3 Bc8d7
20.Rc1c2 a6
21.Nb5c7 Ra8c8
22.Rf1c1 Bd7a4
23.Rc2c3 Nb6a8
24.Nc7xa8 Rc8xa8
25.Qd3e3 Qf6g5
26.f4 exf4
27.Ne2xf4 Bd8f6
28.Rc3c7 Ra8b8
29.h4 Qg5g4
30.Kh2 Bf6e5
31.Rc1f1 Be5xf4
32.Rf1xf4 Qg4d1
33.Qe3f2 f6
34.Bg2h3 Ba4b5
35.Bh3e6 Kh8
36.Rf4g4 g5
37.hxg5 fxg5
38.Qf2b2 { abandon }1-0

[Event "Défi( 10J+24H/c 10J Max )"]
[Site "www.echecsemail.com"]
[Date "2026.01.13"]
[Round "1"]
[White "Sylvia13"]
[Black "Sam"]
[WhiteElo "1600"]
[BlackElo "1640"]
[Result "0-1"]
1.g4 d5
2.Bf1g2 Ng8f6
3.g5 Nf6g4
4.Nb1c3 e6
5.e4 Ng4e5
6.d4 Ne5g6
7.exd5 Bf8b4
8.Bc1d2 Bb4xc3
9.Bd2xc3 Ng6f4
10.Qd1f3 Nf4xd5
11.Bc3d2 Nb8c6
12.Ng1e2 Nc6b4
13.Qf3b3 Bc8d7
14.O-O-O O-O
15.Bg2e4 a5
16.Qb3h3 g6
17.Kb1 e5
18.Qh3g3 exd4
19.Ne2xd4 Rf8e8
20.Qg3f3 Bd7c6
21.Nd4xc6 bxc6
22.Be4xd5 Qd8xd5
23.Qf3g3 Qd5xa2
24.Kc1 Qa2a1
0-1

[Event "Tournoi n27060"]
[Site "www.echecsemail.com"]
[Date "2026.01.13"]
[Round "1"]
[White "Marcol"]
[Black "Chessmat"]
[WhiteElo "1020"]
[BlackElo "1299"]
[Result "0-1"]
1.e4 e5
2.Bf1b5 c6
3.Qd1h5 cxb5
4.Ng1f3 d6
5.Nf3g5 Qd8f6
6.Ng5xh7 Qf6g6
7.Qh5e2 Rh8xh7
8.h4 Qg6xg2
9.Rh1f1 Rh7xh4
10.Qe2e3 Rh4xe4
11.f3 Re4xe3
12.dxe3 b4
13.a3 Bc8e6
14.Kd1 Be6c4
15.Rf1e1 Qg2xf3
16.Kd2 Qf3d5
0-1

[Event "Memorial Lara CIII"]
[Site "www.echecsemail.com"]
[Date "2026.01.13"]
[Round "1"]
[White "Rvsinovitch"]
[Black "Orosco"]
[WhiteElo "2030"]
[BlackElo "2270"]
[Result "1-0"]
1.e4 e5
2.Ng1f3 Nb8c6
3.Bf1b5 a6
4.Bb5a4 Ng8f6
5.d3 d6
6.c3 Bc8d7
7.O-O g6
8.Bc1g5 h6
9.Bg5e3 Bf8g7
10.h3 g5
11.Nb1d2 g4
12.hxg4 Nf6xg4
13.Nf3h2 Ng4xh2
14.Kxh2 Qd8h4
15.Kg1 O-O-O
16.Qd1f3 Rd8f8
17.Ba4d1 f5
18.Qf3g3 Qh4xg3
19.fxg3 fxe4
20.Rf1xf8 Rh8xf8
21.Nd2xe4 b6
22.Bd1e2 d5
23.Ne4f2 d4
24.cxd4 exd4
25.Be3f4 Nc6b4
26.a3 Nb4d5
27.Bf4d2 Kb7
28.Nf2e4 Nd5e3
29.Ra1c1 Bd7c6
30.Be2f3 Bg7e5
31.Kh2 Rf8g8
32.Rc1xc6 Be5xg3
33.Ne4xg3 { abandon }1-0

[Event "HAWAII  2"]
[Site "www.echecsemail.com"]
[Date "2026.01.13"]
[Round "1"]
[White "Skalfa"]
[Black "Brettsinclair"]
[WhiteElo "1880"]
[BlackElo "1890"]
[Result "0-1"]
1.e4 d6
2.d4 g6
3.Nb1c3 Ng8f6
4.Ng1f3 Bf8g7
5.h3 Nb8c6
6.Bf1d3 b6
7.O-O O-O
8.a3 Bc8b7
9.Bc1f4 Nf6h5
10.Bf4h2 e6
11.d5 Bg7xc3
12.bxc3 exd5
13.exd5 Nc6e7
14.c4 c6
15.Bd3e4 Nh5f6
16.dxc6 Nf6xe4
17.cxb7 Ra8b8
18.Qd1d4 Ne4c5
19.Bh2xd6 Rb8xb7
20.Qd4f4 Rb7d7
21.Bd6e5 Ne7f5
22.g4 Nc5e6
23.Qf4e4 Nf5e7
24.Be5f6 Rf8e8
25.g5 Qd8c7
26.Nf3e5 Rd7d4
27.Qe4f3 Rd4f4
28.Qf3c3 Ne7d5
29.Qc3b2 Nd5xf6
30.gxf6 Ne6d4
31.Ne5g4 Nd4f3
32.Kg2 h5
33.Ng4e3 Nf3h4
34.Kh1 Re8xe3
35.fxe3 Qc7c6
{ abandon }0-1

[Event "Défi"]
[Site "www.echecsemail.com"]
[Date "2026.01.13"]
[Round "1"]
[White "Albescab"]
[Black "Castor"]
[WhiteElo "1650"]
[BlackElo "1350"]
[Result "1-0"]
1.d4 Ng8f6
2.Bc1g5 d5
3.Bg5xf6 exf6
4.e3 Nb8c6
5.Bf1b5 Bc8d7
6.Ng1f3 a6
7.Bb5d3 Bd7g4
8.Bd3e2 Nc6b4
9.Nb1c3 Qd8e7
10.O-O O-O-O
11.a3 Nb4c6
12.Nf3h4 Bg4d7
13.Nc3xd5 Qe7e4
14.Nd5xc7 Kxc7
15.Nh4f3 Kb8
16.Be2d3 Qe4d5
17.c4 Qd5h5
18.d5 Nc6e7
19.Bd3e2 Qh5g6
20.b4 Bd7h3
21.Nf3h4 Qg6g5
22.g3 Bh3xf1
23.Qd1xf1 Ne7f5
24.Nh4f3 Qg5g6
25.e4 Nf5d6
26.Be2d3 h5
27.e5 Qg6g4
28.Qf1e2 g6
29.exd6 Bf8xd6
30.c5 Bd6f4
31.Bd3c4 Rd8e8
32.Qe2b2 Qg4xf3
33.Qb2xf6 Rh8h7
34.d6 Rh7h8
35.Qf6xf7 Re8f8
36.Qf7xg6 Rh8g8
37.Bc4xg8 Bf4e3
38.fxe3 Qf3f2
39.Kh1 Qf2f3
40.Kg1 Qf3xe3
41.Kg2 Qe3f2
42.Kh3 Qf2b2
43.Ra1e1 Rf8f6
44.Qg6e8 Ka7
45.d7 Rf6f2
46.Re1h1 Qb2xa3
47.d8Q Qa3f3
48.Qd8a8 1-0

[Event "Tournoi échelle champions"]
[Site "www.echecsemail.com"]
[Date "2026.01.13"]
[Round "1"]
[White "Luc20"]
[Black "Burgman"]
[WhiteElo "1840"]
[BlackElo "2030"]
[Result "1/2-1/2"]
1.d4 Ng8f6
2.c4 c5
3.Ng1f3 cxd4
4.Nf3xd4 Nb8c6
5.Nb1c3 e5
6.Nd4b5 Bf8e7
7.g3 O-O
8.Bf1g2 d6
9.O-O Bc8e6
10.Nc3d5 Be6xd5
11.cxd5 Nc6b4
12.Nb5c3 Ra8c8
13.a3 Nb4a6
14.Bc1e3 b6
15.Qd1a4 Na6c5
16.Qa4d1 a5
17.Ra1c1 Qd8d7
18.Qd1c2 b5
19.b4 axb4
20.axb4 Nc5a4
21.Be3d2 Rc8c4
22.Qc2b3 Na4xc3
23.Rc1xc3 Rf8c8
24.Rf1c1 Rc4xc3
25.Rc1xc3 Rc8xc3
26.Qb3xc3 h6
27.Qc3c6 Kf8
28.Qc6xd7 Nf6xd7
29.e4 Nd7f6
30.f3 Nf6e8
31.Bd2e3 Be7d8
32.Kf2 Ke7
33.Bg2h3 Ne8c7
34.Be3b6 Nc7a6
35.Bb6xd8 Kxd8
36.Bh3f1 Na6c7
37.Ke3 Kc8
38.f4 f6
39.Kd2 Kb7
40.Kc3 Kb6
41.Bf1e2 g5
42.fxg5 fxg5
43.h4 Nc7e8
44.Kd2 Ne8f6
45.Ke3 g4
46.Be2d3 h5
47.Kd2 Nf6d7
48.Kc3 Nd7f8
49.Kd2 Nf8g6
50.Ke1 Ng6f8
51.Kd2 Nf8d7
52.Kc3 Nd7b8
53.Bd3c2 Nb8a6
{ nul }1/2-1/2

[Event "Tournoi n27005"]
[Site "www.echecsemail.com"]
[Date "2026.01.13"]
[Round "1"]
[White "Jasmartin"]
[Black "Echephile"]
[WhiteElo "2120"]
[BlackElo "2080"]
[Result "1-0"]
1.Ng1f3 Nb8c6
2.d4 d5
3.e3 Bc8g4
4.Bf1e2 e6
5.Nb1d2 Ng8f6
6.O-O Bf8d6
7.h3 Bg4h5
8.b3 O-O
9.Bc1b2 Rf8e8
10.Rf1e1 e5
11.Nf3xe5 { abandon }1-0

[Event "Défi"]
[Site "www.echecsemail.com"]
[Date "2026.01.13"]
[Round "1"]
[White "Katastrofic"]
[Black "Jlr"]
[WhiteElo "1440"]
[BlackElo "1340"]
[Result "0-1"]
1.e4 e5
2.Bf1c4 Ng8f6
3.d3 h6
4.h3 c5
5.Ng1f3 Qd8a5
6.Bc1d2 Qa5b6
7.Bd2c3 Nb8c6
8.O-O Qb6c7
9.a3 a6
10.Bc4a2 d6
11.b4 b6
12.bxc5 dxc5
13.Ba2d5 Nf6xd5
14.Bc3b2 Nd5f4
15.Bb2c1 b5
16.Bc1xf4 exf4
17.Nb1c3 b4
18.axb4 Nc6xb4
19.Rf1e1 g5
20.Nc3d5 Nb4xd5
21.exd5 Kd8
22.c4 Bf8g7
23.Ra1a2 Bg7c3
24.Re1e2 Bc8f5
25.Nf3d2 Bf5xd3
26.Re2e1 Bd3xc4
27.Nd2xc4 Bc3xe1
28.Qd1xe1 Rh8e8
29.Qe1a5 Qc7xa5
30.Nc4xa5 Re8e1
31.Kh2 Kd7
32.f3 Kd6
33.Ra2d2 Ra8b8
34.Na5c4 Ke7
35.g3 Rb8b1
36.d6 Kd7
37.gxf4 Re1h1
{ abandon }0-1

[Event "Tournoi n27313"]
[Site "www.echecsemail.com"]
[Date "2026.01.13"]
[Round "1"]
[White "Vvvv"]
[Black "Tizi"]
[WhiteElo "1780"]
[BlackElo "1740"]
[Result "1-0"]
1.e4 c5
2.Ng1f3 d6
3.d4 cxd4
4.Nf3xd4 a6
5.c3 g6
6.Bc1e3 Bf8g7
7.Bf1c4 Nb8c6
8.Nd4f3 Ng8f6
9.Nf3g5 e6
10.Qd1b3 Nc6e5
11.Be3b6 Qd8d7
12.Nb1d2 Ne5xc4
13.Nd2xc4 h6
14.Bb6e3 hxg5
15.Nc4b6 Qd7c6
16.Nb6xa8 b5
17.Na8b6 Bc8b7
18.f3 g4
19.Ra1d1 gxf3
20.gxf3 Nf6xe4
21.c4 Ne4c5
22.Be3xc5 Qc6xf3
23.Qb3xf3 Bb7xf3
24.Bc5xd6 Bf3xh1
25.cxb5 Bh1e4
26.bxa6 Be4f3
27.Rd1d2 Bg7f8
28.Bd6c7 Bf8e7
29.a7 Rh8h5
30.a8Q Bf3xa8
31.Nb6xa8 Rh5c5
32.a3 Kf8
33.Bc7f4 Kg7
34.Na8b6 Rc5b5
35.Nb6c8 Be7f6
36.Nc8d6 Rb5b6
37.Nd6e8 Kh8
38.Ne8xf6 Kg7
39.Bf4e5 Rb6b5
40.Nf6g4 Kh7
41.Rd2d8 g5
42.Rd8h8 Kg6
43.Be5c3 f5
44.Rh8h6 Kf7
45.Rh6f6 Ke7
46.Ng4e3 Rb5b6
47.Ne3d5 exd5
48.Rf6xb6 f4
49.Bc3f6 Kf7
50.Bf6xg5 f3
51.Rb6f6 Ke7
52.Rf6xf3 Ke6
53.a4 d4
54.a5 Kd5
55.a6 Kc6
56.Rf3a3 d3
57.a7 Kc5
58.Ra3xd3 Kb6
59.a8N Kb7
60.Rd3d8 Ka6
61.h4 Ka7
62.h5 Kb7
63.h6 Ka7
64.h7 Kb7
65.h8Q Ka7
66.b4 Kb7
67.b5 Ka7
68.Ke2 Kb7
69.Kd3 Ka7
70.Na8c7 Kb7
71.Qh8c3 Ka7
72.Qc3b3 Kb6
73.Nc7e6 Ka7
74.b6 Kb7
75.Ne6f4 Ka6
76.b7 Ka5
77.b8Q Ka6
78.Qb8a8 1-0

[Event "Défi"]
[Site "www.echecsemail.com"]
[Date "2026.01.13"]
[Round "1"]
[White "Castor"]
[Black "Jmr"]
[WhiteElo "1350"]
[BlackElo "1540"]
[Result "0-1"]
1.d4 d5
2.c4 e6
3.Nb1c3 Ng8f6
4.e3 Bf8e7
5.a3 O-O
6.Ng1f3 c5
7.Bf1d3 Nb8c6
8.O-O a6
9.Rf1e1 Rf8e8
10.Nf3g5 h6
11.Ng5f3 Be7f8
12.Nc3a4 b6
13.Ra1b1 Ra8b8
14.b3 b5
15.Bc1d2 bxa4
16.Bd3c2 axb3
17.Bc2xb3 cxd4
18.exd4 Bf8xa3
19.Rb1a1 Ba3f8
20.Qd1e2 Bf8b4
21.Re1b1 Bb4xd2
22.Nf3xd2 Nc6xd4
23.Qe2d3 Nd4xb3
24.Nd2xb3 dxc4
25.Qd3xc4 Re8e7
26.h3 Qd8d5
27.Qc4c2 Re7d7
28.Nb3c5 Rd7c7
29.Qc2d3 Qd5xd3
30.Rb1d1 Qd3f5
31.Rd1d8 Kh7
32.Nc5xa6 Rb8b1
33.Ra1xb1 Qf5xb1
34.Kh2 Bc8xa6
35.Rd8a8 Qb1b7
36.Ra8d8 Ba6f1
37.f3 Rc7c2
38.Rd8d1 Qb7xf3
{ abandon }0-1

[Event "Défi"]
[Site "www.echecsemail.com"]
[Date "2026.01.13"]
[Round "1"]
[White "Castor"]
[Black "Arzbro"]
[WhiteElo "1350"]
[BlackElo "1510"]
[Result "0-1"]
1.d4 d5
2.c4 c6
3.Nb1c3 Bc8e6
4.f3 g6
5.e4 dxe4
6.Nc3xe4 Bf8g7
7.Ng1e2 Ng8h6
8.Bc1e3 Be6xc4
9.b3 Bc4xe2
10.Bf1xe2 O-O
11.O-O Nh6f5
12.Be3f2 e6
13.Qd1d2 a5
14.Rf1c1 Nf5xd4
15.Bf2xd4 Bg7xd4
16.Kh1 Bd4xa1
17.Qd2h6 Ba1g7
18.Qh6h3 b5
19.g3 Bg7b2
20.Rc1c2 Bb2e5
21.f4 Be5d4
22.Rc2d2 c5
23.Be2xb5 Qd8b6
24.a4 Nb8c6
25.Ne4f6 Bd4xf6
26.Qh3g2 Nc6b4
27.h4 h5
28.Qg2h3 Ra8d8
29.Rd2e2 Qb6b7
30.Kh2 Qb7f3
31.Re2b2 Bf6xb2
32.Bb5f1 Rd8d2
33.Bf1g2 Qf3xb3
34.g4 Qb3xh3
35.Kxh3 Rd2d3
36.Kh2 hxg4
37.Bg2f1 Rd3e3
38.Kg2 Nb4c2
39.Kf2 Rf8d8
40.Kg1 Rd8d2
41.Bf1a6 Re3e1
{ abandon }0-1

[Event "Coupe Niveau 2"]
[Site "www.echecsemail.com"]
[Date "2026.01.13"]
[Round "1"]
[White "Jlr"]
[Black "Domenico"]
[WhiteElo "1350"]
[BlackElo "1730"]
[Result "0-1"]
1.e4 e5
2.Ng1f3 d6
3.d3 Bf8e7
4.h3 Ng8f6
5.g4 O-O
6.g5 Nf6h5
7.h4 Nh5f4
8.Bc1xf4 exf4
9.Nb1c3 Bc8g4
10.Bf1e2 Nb8d7
11.Rh1g1 Bg4h5
12.Nc3d5 c6
13.Nd5xf4 Bh5g6
14.h5 Nd7e5
15.hxg6 Ne5xf3
16.Be2xf3 fxg6
17.Nf4e6 Qd8d7
18.Ne6xf8 Ra8xf8
19.Bf3g4 Qd7d8
20.Bg4e6 Kh8
21.f4 Rf8xf4
22.Kd2 Be7xg5
23.Rg1xg5 Qd8xg5
24.Qd1h1 Rf4f1
25.Ke2 Rf1xh1
26.Ra1xh1 Qg5g2
27.Ke3 Qg2xh1
28.Be6c8 Qh1c1
29.Kd4 Qc1xc2
30.Bc8xb7 Qc2xb2
31.Ke3 Qb2xb7
32.a4 h5
33.d4 Qb7b3
34.Kf4 Qb3xa4
35.Kg5 Qa4xd4
36.Kf4 a5
37.Kg5 Qd4f6
0-1

[Event "Tournoi n27372"]
[Site "www.echecsemail.com"]
[Date "2026.01.13"]
[Round "1"]
[White "Estrafolis"]
[Black "Zadkine1"]
[WhiteElo "1640"]
[BlackElo "1780"]
[Result "1-0"]
1.d4 d5
2.c4 Ng8f6
3.Nb1c3 dxc4
4.e4 Nf6d7
5.Bf1xc4 Nd7b6
6.Bc4b3 Bc8d7
7.Ng1f3 e6
8.O-O c5
9.Bc1e3 c4
10.Bb3c2 Bf8e7
11.Nf3e5 O-O
12.Ne5xd7 Nb8xd7
13.e5 Nb6d5
14.Nc3xd5 exd5
15.Qd1h5 h6
16.Qh5f5 Ra8c8
17.Qf5h7 1-0

[Event "Transval 2"]
[Site "www.echecsemail.com"]
[Date "2026.01.13"]
[Round "1"]
[White "4x4"]
[Black "Patau"]
[WhiteElo "1460"]
[BlackElo "1690"]
[Result "0-1"]
1.e4 e5
2.f4 d5
3.d3 dxe4
4.dxe4 Qd8xd1
5.Kxd1 Nb8c6
6.Bf1d3 Bc8g4
7.Ng1f3 O-O-O
8.Ke1 Bg4xf3
9.gxf3 Bf8c5
10.f5 Ng8f6
11.Nb1c3 Nc6d4
12.Bc1e3 Nd4xc2
13.Bd3xc2 Bc5xe3
14.Ke2 Be3d4
15.Ra1d1 Bd4xc3
16.bxc3 Rd8xd1
17.Rh1xd1 Rh8d8
18.Rd1xd8 Kxd8
19.Bc2b3 Ke7
20.Kd3 Nf6d7
21.Bb3a4 Nd7c5
22.Kc4 Nc5xa4
23.Kb4 Na4b6
24.a4 Nb6d7
25.c4 Kf6
26.c5 g6
27.fxg6 hxg6
28.Kb5 c6
29.Kb4 Kg5
30.Kc4 Kf4
31.Kd3 Kxf3
32.a5 Nd7xc5
33.Kc4 Nc5xe4
34.a6 b6
35.Kd3 Ne4c5
36.Kc4 e4
37.Kd4 e3
38.Ke5 e2
39.Kd6 e1Q
40.Kxc6 Qe1e7
41.Kb5 Qe7d7
42.Kc4 Qd7c6
43.Kd4 Kf4
44.Kc4 Ke4
45.h4 Nc5xa6
46.Kb3 Qc6c5
47.Kb2 Qc5c4
48.Kb1 Qc4e2
49.Kc1 Na6b4
50.Kb1 Qe2c2
51.Ka1 Qc2a2
0-1